000 00603nam a2200229Ia 4500
003 OSt
005 20230602093309.0
008 210423s2011 xx 000 0 und d
020 _a978-93-80626-34-5
040 _cAL
041 _aeng
082 _a158 SONA
100 _aSONI (Prakash)
_9118495
245 _aApplied psychology for social work
260 _aJaipur
_bprateeksha Publications
_c2011
300 _av,239
_bHB
365 _b995
_cINR
650 _aApplied Psychology
_9118496
650 _aPsychology
_9118497
906 _aApplied ; psychology ; social ; work
942 _2ddc
_cBK
999 _c176430
_d176430